1594 1984 1626 1776 1826 1277 1312 1039 1464 1787 1383 1327 1179 1043 1621 1650 1477 1813 1681 1479 1879 1596 1450 1676 1594 1918 1782 1160 1572 1663 1365 1408 1946 1945 1809 1132 1180 1879 1363 1544 1016 1933 1707 1758 1297 1473 1733 1505 1100 1304 1874 1597 1164 1684 1030 1484 1690 1844 1510 1676 1022 1471 1029 1433 1426 1039 1173 1352 1112 1865 1264 1189 1766 1350 1635 1083 1175 1411 1531 1334 1581 1256 1009 1091 1645 1265 1304 1863 1487 1346 1239 1778 1985 1619 1033 1474 1326 1368 1339 BCNSPRNW ULIB Ver.6.0+V

เปลี่ยนเป็นภาษาไทย

Change to English
 แสดงรายละเอียดบรรณานุกรม
  กลับหน้าหลัก

Brief Record : Get Marc (ISO 2709) : E-mail record : QR code < ปิดหน้าต่าง
LEADER : 00000nam 2200000uu 4500
001    13399108353
003     ULIB
008    110301s2544||||th 000 0 tha d
020    9749011988
060 04 WY105^bพ489ก 2544
100 0  พวงรัตน์ บุญญานุรักษ์
245 00 ก้าวใหม่สู่บทบาทใหม่ในการบริหารการพยาบาล /^cพวงรัตน์บุญญานุรักษ์
250    พิมพ์ครั้งที่ 1
260    กรุงเทพฯ :^bวังใหม่บลูพรินต์,^c2544
300    [5], 184 หน้า ;^c30 ซม.
650  7 การพยาบาล^xองศ์การและการบริหาร
650  7 การบริหารการพยาบาล
650  7 การบริหาร
700 0  พวงรัตน์ บุญญานุรักษ์,^eบรรณาธิการ
945    ^p220^l0^i015424
945    ^p220^l0^i014916
945    ^p220^l0^i014914
945    ^p220^l0^i014915
945    ^p220^l0^i014913
945    ^p220^l0^i014911
945    ^p220^l0^i014910
945    ^p220^l0^i014909
945    ^p220^l0^i014917
945    ^p220^l0^i014912
995    เกษร
999 ^a ใช้งานได้ทุกระบบ
รายการนี้ยังไม่มีแท็ก
คุณยังไม่ได้ล็อกอิน คุณสามารถมีกิจกรรมร่วมกับเว็บไซต์ได้ แต่ต้องล็อกอินก่อน ::
  ล็อกอิน

รายการสื่อสารสนเทศ

ลำดับที่ ประเภท เลขเรียก/บาร์โค้ด สถานที่ สถานะ
- ไม่พบข้อมูล -

รายการใกล้เคียง
    ผู้แต่ง [พวงรัตน์ บุญญานุรักษ์]

    หัวเรื่อง [การบริหารการพยาบาล]
    หัวเรื่อง [การบริหาร]

BibComment


ยังไม่เคยถูกคอมเมนท์

คอมเมนท์ทรัพยากรรายการนี้
  คอมเมนท์: ก้าวใหม่สู่บทบาทใ..


 Copyright 2026. Bcnsprnw @Library